[Event "Challenge"]
[Site "http://www.queenalice.com/game.php?id=526124"]
[Date "2009.1.20"]
[Round "-"]
[White "eco"]
[Black "Enya"]
[Result "0-1"]
[WhiteElo "1981"]
[BlackElo "1883"]

1. e4 e5 2. Bc4 Nf6 3. d3 d5 4. exd5 Nxd5 5. Qh5 Nc6 6. Nc3 Bb4 7. Ne2 O-O 8.
O-O Bxc3 9. Nxc3 Be6 10. Ne4 Nf6 11. Nxf6+ Qxf6 12. Bg5 Qg6 13. Qxg6 hxg6 14. f4
Bxc4 15. dxc4 f6 16. Bh4 e4 17. c3 Rad8 18. Rad1 Kf7 19. Bf2 Rfe8 20. Be3 b6 21.
Rfe1 Na5 22. b3 Nb7 23. Rxd8 Rxd8 24. Re2 c5 25. g4 Rd3 26. Bd2 f5 27. gxf5 gxf5
28. Be1 Nd8 29. Rd2 Rxd2 30. Bxd2 Ke6 31. Kf2 Nf7 32. h3 Nh6 33. b4 Nf7 34. bxc5
bxc5 35. Be3 Kd6 36. Kg3 a6 37. a4 Kc6 38. Kh4 g6 39. a5 Kd6 40. Kg3 Kc6 41. h4
Nd6 42. h5 gxh5 43. Kh4 Nxc4 44. Bc1 Nxa5 45. Kxh5 Kd5 46. Kh4 Nc4 0-1

[Event "Challenge"]
[Site "http://www.queenalice.com/game.php?id=526128"]
[Date "2009.1.20"]
[Round "-"]
[White "Tlaloc2k"]
[Black "Enya"]
[Result "0-1"]
[WhiteElo "1692"]
[BlackElo "1500"]

1. e4 c6 2. d4 d5 3. e5 Bf5 4. Nf3 e6 5. Bf4 Ne7 6. b4 Ng6 7. Qd2 Nxf4 8. Qxf4
Bxb4+ 9. Nfd2 O-O 10. c3 Be7 11. Be2 Bg5 12. Qg3 Nd7 13. f4 Bh4 14. Nf3 Bxg3+
15. hxg3 c5 16. Nbd2 a6 17. Kf2 b5 18. Ng5 Qb6 19. Rh4 cxd4 20. Rah1 h6 21. Nb3
d3+ 22. Nd4 Rfc8 23. Bh5 Rxc3 24. Bxf7+ Kf8 25. Bxe6 Qxd4+ 26. Kf3 d2+ 27. Ke2
Qe3+ 28. Kf1 Rc1# 0-1

[Event "Challenge"]
[Site "http://www.queenalice.com/game.php?id=526615"]
[Date "2009.1.21"]
[Round "-"]
[White "Sigmund"]
[Black "Enya"]
[Result "1-0"]
[WhiteElo "1863"]
[BlackElo "1628"]

1. d4 d5 2. c4 Nf6 3. Nc3 g6 4. Nf3 Bg7 5. e4 dxe4 6. Ne5 O-O 7. Be2 Nbd7 8. Bf4
c6 9. b4 Nb6 10. O-O Be6 11. Qc2 Rc8 12. Rad1 Qe8 13. a4 Nh5 14. Qd2 Nxf4 15.
Qxf4 f6 16. Ng4 Nxc4 17. Qxe4 Qf7 18. d5 cxd5 19. Nxd5 f5 20. Qf4 Bxd5 21. Ne3
Nxe3 22. fxe3 Rc2 23. Bf3 Bxf3 24. Rxf3 Qa2 25. Rdf1 Rxg2+ 26. Kh1 Rxh2+ 27.
Qxh2 1-0

[Event "Challenge"]
[Site "http://www.queenalice.com/game.php?id=526697"]
[Date "2009.1.21"]
[Round "-"]
[White "attachui"]
[Black "Enya"]
[Result "0-1"]
[WhiteElo "2058"]
[BlackElo "1812"]

1. d4 f5 2. g4 fxg4 3. e4 e5 4. dxe5 Nc6 5. Qxg4 d6 6. e6 Nf6 7. Qg2 d5 8. Bg5
Bxe6 9. Nc3 dxe4 10. Nxe4 Be7 11. Bb5 Nxe4 12. Qxe4 Qd5 13. Qxd5 Bxd5 14. Nf3
Bxf3 15. Rg1 Bxg5 16. Rxg5 O-O 17. Bxc6 bxc6 18. Kd2 Rad8+ 19. Kc3 Rd5 20. Rg3
g6 21. Re1 Kg7 22. Re7+ Kh6 23. Rxc7 Ra5 24. a3 Bh5 25. Rxc6 Rxf2 26. Kb4 Raf5
27. c4 Rxb2+ 28. Kc3 Rb6 29. Rc7 Ra6 30. c5 Rxa3+ 31. Kd4 Rxg3 32. hxg3 Bf3 33.
Rxa7 Rd5+ 34. Ke3 Bh1 35. Rc7 Rd1 36. Rc8 Rc1 37. Kf4 Kh5 38. Rc7 h6 39. g4+ Kh4
40. Rh7 h5 41. gxh5 gxh5 42. Rc7 Kh3 43. Ke5 h4 44. Kd6 Kh2 45. Rc8 h3 46. Rg8
Bg2 47. Rb8 Kg1 0-1

[Event "Challenge"]
[Site "http://www.queenalice.com/game.php?id=526698"]
[Date "2009.1.21"]
[Round "-"]
[White "seah_thomas"]
[Black "Enya"]
[Result "0-1"]
[WhiteElo "1765"]
[BlackElo "1621"]

1. d4 Nf6 2. c4 g6 3. g3 Bg7 4. Bg2 O-O 5. Nf3 c5 6. O-O cxd4 7. Nxd4 Nc6 8. e3
e5 9. Nb5 a6 10. N5c3 d6 11. Nd5 Be6 12. e4 Nd4 13. Be3 Bxd5 14. cxd5 Nd7 15.
Nc3 Rc8 16. Rc1 Qa5 17. Rb1 Rc4 18. Kh1 Rfc8 19. f4 b5 20. Qg4 Nf6 21. Qh3 b4
22. Bxd4 exd4 23. Nd1 Qxa2 24. Nf2 h5 25. e5 dxe5 26. fxe5 Ng4 27. Nxg4 hxg4 28.
Qxg4 Bxe5 29. d6 Rc2 30. Be4 Kg7 31. Rxf7+ Qxf7 32. Bxc2 Rxc2 33. d7 Qd5+ 34.
Kg1 Qg2# 0-1

[Event "Challenge"]
[Site "http://www.queenalice.com/game.php?id=526700"]
[Date "2009.1.21"]
[Round "-"]
[White "sadick"]
[Black "Enya"]
[Result "0-1"]
[WhiteElo "1537"]
[BlackElo "1890"]

1. d4 Nf6 2. c4 g6 3. Nc3 d5 4. cxd5 Nxd5 5. Nxd5 Qxd5 6. Nf3 Bg7 7. e3 O-O 8.
Be2 c5 9. O-O Nc6 10. dxc5 Qxc5 11. Rb1 Bf5 12. Ra1 Nb4 13. Bd2 Bc2 14. Qc1 Rac8
15. Nd4 Bxd4 16. exd4 Qxd4 17. Bc3 Qe4 18. Bf3 Qf5 19. Qh6 Rxc3 20. bxc3 Nc6 21.
Bxc6 bxc6 22. Qe3 Be4 23. f3 Bd5 24. Qxa7 e5 25. a4 e4 26. fxe4 Qxe4 27. Qf2 Ra8
28. a5 h5 29. Rfe1 Qc4 0-1

[Event "Challenge"]
[Site "http://www.queenalice.com/game.php?id=526701"]
[Date "2009.1.21"]
[Round "-"]
[White "subzila"]
[Black "Enya"]
[Result "1-0"]
[WhiteElo "1636"]
[BlackElo "1764"]

1. e4 e5 2. Nf3 Nc6 3. Bc4 Bc5 4. O-O Nf6 5. d4 exd4 6. e5 Ne4 7. Re1 Nxf2 8.
Kxf2 O-O 9. Bd3 d6 10. Bg5 f6 11. exf6 gxf6 12. Bh6 Bg4 13. Bxf8 Qxf8 14. Nbd2
Ne5 15. Qe2 Bxf3 16. gxf3 Qh6 17. Rg1+ Kf7 18. Rg2 Ng6 19. Re1 d5 20. Qe6+ Kg7
21. Qd7+ Kf8 22. Bxg6 1-0

[Event "Challenge"]
[Site "http://www.queenalice.com/game.php?id=526704"]
[Date "2009.1.21"]
[Round "-"]
[White "tookarook"]
[Black "Enya"]
[Result "0-1"]
[WhiteElo "1912"]
[BlackElo "1850"]

1. e4 e6 2. d4 d5 3. exd5 exd5 4. c4 Nf6 5. Bg5 Be7 6. Nc3 Nbd7 7. Nf3 O-O 8.
Bd3 c6 9. O-O Qc7 10. Re1 Qd8 11. c5 Re8 12. Qd2 Nf8 13. Ne5 Ng6 14. Nxg6 hxg6
15. Re2 Bf5 16. Bxf5 gxf5 17. Qf4 g6 18. Qh4 Kg7 19. Qh6+ Kg8 20. Rae1 Ne4 21.
Nxe4 fxe4 22. Bf4 Bf6 23. Re3 Bg7 24. Qh3 Bxd4 25. Rg3 Bxc5 26. Qh6 Re6 27. Bg5
Be7 28. Rh3 Bf6 29. Qh7+ Kf8 30. Bxf6 Rxf6 31. Qh8+ Ke7 32. Qh4 Qh8 33. Qg3 Qd8
34. Qc3 Qb6 35. b3 Qxf2+ 0-1

[Event "Challenge"]
[Site "http://www.queenalice.com/game.php?id=526707"]
[Date "2009.1.21"]
[Round "-"]
[White "tariann"]
[Black "Enya"]
[Result "0-1"]
[WhiteElo "2040"]
[BlackElo "1580"]

1. e4 d5 2. exd5 Qxd5 3. Nc3 Qa5 4. d4 c6 5. Nf3 Nf6 6. Bd3 Bg4 7. O-O e6 8. Bd2
Qc7 9. h3 Bh5 10. Ne4 Nbd7 11. c4 Nxe4 12. Bxe4 Nf6 13. Qc2 Bd6 14. Rac1 Bf4 15.
d5 O-O 16. dxc6 bxc6 17. Rfd1 Rad8 18. Bxf4 Qxf4 19. Bxc6 Rc8 20. Bb5 Bxf3 21.
gxf3 Qxf3 22. Qd3 Qh5 23. Qe3 Rc5 24. Rd3 Re5 25. Qxa7 Qg5+ 26. Kh2 Qxc1 27. a4
Re1 28. Qd4 Rh1+ 29. Kg3 Qg5+ 0-1